000 00194 a2200097 4500
001 4729
100 _aAlter,D
245 _aPictorical astronomy
260 _a
_bCrowell
_c
090 _c3922
_d3922
942 _aNUST-CAE
_cM
_c30181
999 _c239802
_d239802